Communities of Rhode Island - Statistics

General Stats
  • This quiz has been taken 4 times
  • The average score is 43 of 65
Answer Stats
Hint Answer % Correct
County Seat Bristol
100%
City East Providence
100%
Town North Providence
100%
County Seat Providence
100%
Town Barrington
75%
Town Burrillville
75%
Census-Designated Carolina
75%
City Central Falls
75%
City Cranston
75%
Town Cumberland
75%
County Seat East Greenwich
75%
Town Exeter
75%
Town Foster
75%
Town Glocester
75%
Census-Designated Greenville
75%
Census-Designated Harrisville
75%
Town Hopkinton
75%
Census-Designated Hopkinton
75%
Town Jamestown
75%
Town Johnston
75%
Census-Designated Kingston
75%
Town Lincoln
75%
Town Narragansett
75%
County Seat Newport
75%
Town North Smithfield
75%
Census-Designated Pascoag
75%
City Pawtucket
75%
Town Richmond
75%
Town Scituate
75%
Town Smithfield
75%
County Seat South Kingstown
75%
Town Tiverton
75%
Census-Designated Tiverton
75%
Census-Designated Valley Falls
75%
Census-Designated Wakefield-Peacedale
75%
City Warwick
75%
Town Westerly
75%
Town West Greenwich
75%
Town West Warwick
75%
City Woonsocket
75%
Census-Designated Ashaway
50%
Census-Designated Bradford
50%
Census-Designated Chepachet
50%
Census-Designated Clayville
50%
Town Coventry
50%
Census-Designated Cumberland Hill
50%
Census-Designated Foster Center
50%
Census-Designated Greene
50%
Census-Designated Harmony
50%
Census-Designated Hope Valley
50%
Town Little Compton
50%
Census-Designated Melville
50%
Census-Designated Misquamicut
50%
Census-Designated Narragansett Pier
50%
Census-Designated Newport East
50%
Town New Shoreham
50%
Town North Kingstown
50%
Town Portsmouth
50%
Census-Designated Quonochontaug
50%
Town Warren
50%
Census-Designated Watch Hill
50%
Census-Designated Weekapaug
50%
Census-Designated Wyoming
50%
Town Charlestown
25%
Town Middlestown
0%
No matching quizzes found
Score Distribution
Percent of People with Each Score
Percentile by Number Answered
Your Score History
You have not taken this quiz